|
|
|
|
| LEADER |
00988nam a2200361 4500 |
| 001 |
DLU040026671 |
| 005 |
##20021230 |
| 040 |
# |
# |
|a DLU
|b vie
|
| 041 |
# |
# |
|a vie
|
| 044 |
# |
# |
|a vn
|
| 082 |
# |
# |
|a 570
|b MA-Y
|
| 100 |
# |
# |
|a Mai Đình Yên
|
| 245 |
# |
# |
|a Quan trắc và đánh giá chất lượng nước bằng sinh vật chỉ thị /
|c Mai Đình Yên
|
| 260 |
# |
# |
|a H. :
|b Trường Đại học Khoa học Tự nhiên,
|c 1998
|
| 300 |
# |
# |
|a 43, [40] tr. ;
|c 29 cm
|
| 504 |
# |
# |
|a Tài liệu tham khảo : tr. 40
|
| 653 |
# |
# |
|a Đánh giá chất lượng nước
|
| 653 |
# |
# |
|a Ô nhiễm
|
| 653 |
# |
# |
|a Hệ sinh thái
|
| 653 |
# |
# |
|a Môi trường nước
|
| 653 |
# |
# |
|a Nước ngọt
|
| 653 |
# |
# |
|a Quan trắc
|
| 653 |
# |
# |
|a Sinh thái học
|
| 653 |
# |
# |
|a Sinh vật chỉ thị
|
| 992 |
# |
# |
|a 0
|
| 994 |
# |
# |
|a DLU
|
| 900 |
# |
# |
|a True
|
| 911 |
# |
# |
|a Thái Thị Thanh Thủy
|
| 925 |
# |
# |
|a G
|
| 926 |
# |
# |
|a A
|
| 927 |
# |
# |
|a LA
|
| 980 |
# |
# |
|a Thư viện Trường Đại học Đà Lạt
|